10 stories: book for reading (Record no. 33041)

MARC details
000 -LEADER
fixed length control field 00568nam a2200157 a 4500
008 - FIXED-LENGTH DATA ELEMENTS--GENERAL INFORMATION
fixed length control field 210303s2014 ||||||||||||||||| || u
020 ## - INTERNATIONAL STANDARD BOOK NUMBER
International Standard Book Number 9785883370723
050 ## - LIBRARY OF CONGRESS CALL NUMBER
Classification number PG 2900 Zhu
100 ## - MAIN ENTRY--PERSONAL NAME
Personal name Zhukova, N.N
245 10 - TITLE STATEMENT
Title 10 stories: book for reading
Statement of responsibility, etc. N.N Zhukova
260 ## - PUBLICATION, DISTRIBUTION, ETC.
Place of publication, distribution, etc. Moscow
Date of publication, distribution, etc. 2014
300 ## - PHYSICAL DESCRIPTION
Extent 199 pages
500 ## - GENERAL NOTE
General note Book for Russian language as a foreign language
650 ## - SUBJECT ADDED ENTRY--TOPICAL TERM
Topical term or geographic name entry element RUSSIAN LITERATURE
995 ## - RECOMMENDATION 995 [LOCAL, UNIMARC FRANCE]
-- CBU-MAIN LIBRARY (Kitwe)
-- 1
-- AVAILABLE
-- Mar 3, 2021
-- Main Library Open Access Collection
Holdings
Withdrawn status Lost status Source of classification or shelving scheme Damaged status Not for loan Home library Current library Shelving location Date acquired Total Checkouts Full call number Barcode Date last seen Price effective from Koha item type
          CBU-MAIN LIBRARY, KITWE. CBU-MAIN LIBRARY, KITWE.   11/30/2022   PG 2900 Zhu 750873 11/30/2022 11/30/2022 MONOGRAPH